Update on the design of the Green Investment Bank (Record no. 112340)

MARC details
000 -LEADER
fixed length control field 01166cad a22001935a 4500
001 - CONTROL NUMBER
control field L153029
008 - FIXED-LENGTH DATA ELEMENTS--GENERAL INFORMATION
fixed length control field 110524s2011 xxk f 000 0 eng d
035 ## - SYSTEM CONTROL NUMBER
System control number (Sirsi) u153029
041 0# - LANGUAGE CODE
Language code of text/sound track or separate title eng
110 2# - MAIN ENTRY--CORPORATE NAME
Corporate name or jurisdiction name as entry element United Kingdom
Subordinate unit Department for Business, Innovation and Skills
9 (RLIN) 5760
245 00 - TITLE STATEMENT
Title Update on the design of the Green Investment Bank
Medium [electronic resource]
260 ## - PUBLICATION, DISTRIBUTION, ETC.
Date of publication, distribution, etc. 2011
520 ## - SUMMARY, ETC.
Summary, etc. Progress report on the Green Investment Bank (GIB) which sets out more detail on its governance and business model. Its initial remit will be to focus on green infrastructure assets, achieving green impact and making financial returns. The GIB hopes to accelerate private sector investment in the UK's transition to a green economy and the sectors likely to be eligible for intervention include offshore wind, non domestic energy and waste.
590 ## - LOCAL NOTE (RLIN)
Local note KA NTK
651 #4 - SUBJECT ADDED ENTRY--GEOGRAPHIC NAME
Geographic name United Kingdom
690 ## - LOCAL SUBJECT ADDED ENTRY--TOPICAL TERM (OCLC, RLIN)
Topical term or geographic name as entry element ENVIRONMENTAL AND LAND CONSULTANCY-ENERGY-ENERGY USE-ENERGY EFFICIENCY
856 40 - ELECTRONIC LOCATION AND ACCESS
Uniform Resource Identifier <a href="https://www.bis.gov.uk/assets/biscore/business-sectors/docs/u/11-917-update-design-green-investment-bank.pdf">https://www.bis.gov.uk/assets/biscore/business-sectors/docs/u/11-917-update-design-green-investment-bank.pdf</a>
Public note View the item free of charge at www.bis.gov.uk
942 ## - ADDED ENTRY ELEMENTS (KOHA)
Suppress in OPAC 0
Holdings
Withdrawn status Lost status Source of classification or shelving scheme Damaged status Not for loan Home library Current library Shelving location Date acquired Total Checkouts Full call number Barcode Date last seen Copy number Price effective from Koha item type
    Dewey Decimal Classification     Virtual Virtual Online 24/05/2011   L153029 153029-2001 06/08/2019 1 06/08/2019 Book